Tilastot visalle Japanin suurimmat kaupungit

Klikkaa tästä pelataksesi tätä visaa!

Yleistilastot

  • Tätä visaa on pelattu 639 kertaa
  • Keskiarvotulos 7 / 20

Vastaustilastot

VäkilukuKaupunki% Oikein
9 555 919Tokio
99%
2 725 006Osaka
80%
1 468 980Kioto
67%
1 199 252Hiroshima
66%
1 966 416Sapporo
60%
2 320 361Nagoya
41%
3 740 172Jokohama
37%
1 527 407Kobe
33%
1 579 450Fukuoka
31%
1 088 669Sendai
28%
800 582Niigata
22%
1 516 483Kawasaki
21%
945 595Kitakyushu
18%
1 295 607Saitama
18%
977 247Chiba
17%
739 556Kumamoto
17%
721 329Okayama
17%
794 025Hamamatsu
16%
831 017Sakai
11%
723 012Sagamihara
9%

Tulosjakauma

Persentiili vastausten määrän mukaan

Jokaisen tuloksen saaneiden osuus

Tuloshistoriasi

Et ole pelannut tätä visaa